| 000 | 00916nas a2200289 4500 | ||
|---|---|---|---|
| 001 | BR0102381 | ||
| 003 | BR-BrBNA | ||
| 005 | 20231205103448.0 | ||
| 007 | ta | ||
| 008 | 230509b bl.|||p| |||| 00| 00por d | ||
| 040 |
_aBR-BrBNA _bpor _cBiblioteca Nacional de Agricultura |
||
| 041 | _a(Pt) | ||
| 072 | _aF30 | ||
| 100 | 1 | _aReis, W.P. | |
| 100 | 1 | _aVello, N.A. | |
| 100 | 1 | _aFerreira, D.F. | |
| 100 | 1 | _aRamalho, N.A.P. | |
| 245 | 1 | _aAssociação entre coeficiente de parentesco e técnicas multivariadas como medidas de divergência genética de cultivares de trigo | |
| 650 | _aTRIGO | ||
| 650 | _aVARIEDADE | ||
| 650 | _aMELHORAMENTO GENÉTICO VEGETAL | ||
| 650 | _aMÉTODO ESTATÍSTICO | ||
| 650 | _aLINHAGEM | ||
| 773 | 0 |
_tCiência e Agrotecnologia (Brazil) _xISSN 1413-7054 _g(Apr-Jun 1999), v. 23(2) p. 258-269 _wBR0102381 |
|
| 909 |
_a202311 _bLúcia _c55 _dLúcia Elande |
||
| 942 |
_2AGRIS _n0 _cANA |
||
| 999 |
_c172998 _d172998 |
||